El pianista recostado en el opio : (Registro nro. 1015)
[ vista simple ]
| 000 -LEADER | |
|---|---|
| fixed length control field | 01330aam a2200241 a 4500 |
| 001 - CONTROL NUMBER | |
| control field | 001277928 |
| 003 - CONTROL NUMBER IDENTIFIER | |
| control field | AR-RoUNCS |
| 005 - DATE AND TIME OF LATEST TRANSACTION | |
| control field | 20260513134119.0 |
| 007 - PHYSICAL DESCRIPTION FIXED FIELD--GENERAL INFORMATION | |
| fixed length control field | ta |
| 008 - FIXED-LENGTH DATA ELEMENTS--GENERAL INFORMATION | |
| fixed length control field | 130327s2012 ag |r 00| f spa d |
| 020 ## - INTERNATIONAL STANDARD BOOK NUMBER | |
| International Standard Book Number | 9789871568475 |
| 040 ## - CATALOGING SOURCE | |
| Original cataloging agency | AR-RoUNCS |
| Language of cataloging | spa |
| Transcribing agency | AR-RoUNCS |
| 041 ## - LANGUAGE CODE | |
| Language code of text/sound track or separate title | spa |
| 100 1# - MAIN ENTRY--PERSONAL NAME | |
| Personal name | Risley, Alexandra |
| Relator term | autor |
| 245 13 - TITLE STATEMENT | |
| Title | El pianista recostado en el opio : |
| Remainder of title | la historia de Europa, de un hombre, de sus adicciones y de la mujer que podía salvarlo / |
| Statement of responsibility, etc. | Alexandra Risley. |
| 260 ## - PUBLICATION, DISTRIBUTION, ETC. | |
| Place of publication, distribution, etc. | [Buenos Aires] : |
| Name of publisher, distributor, etc. | Vestales, |
| Date of publication, distribution, etc. | c2012. |
| 300 ## - PHYSICAL DESCRIPTION | |
| Extent | 348 p. ; |
| Dimensions | 22 cm. |
| 520 ## - SUMMARY, ETC. | |
| Summary, etc. | La novela se desarrolla en la Europa del siglo XIX. Harry Zittlemann, un pianista trashumante, conoce a la burguesía búlgara, tiene vínculos con los conservadores ingleses, habla ruso fluidamente, etc. De repente, es el hombre que Gran Bretaña necesita para mediar en los conflictos bélicos del Imperio Otomano. Harry carga con el peso de los acontecimientos, con la certeza de que lo obligarán a desmembrar a un imperio corrupto para beneficiar a otro igual. Cuando la traición estalle, se abandonará al opio; recostado en un fumadero apenas recordará que lo ha perdido todo. |
| 650 #7 - SUBJECT ADDED ENTRY--TOPICAL TERM | |
| Source of heading or term | embne |
| Topical term or geographic name entry element | Novela venezolana |
| 655 #7 - INDEX TERM--GENRE/FORM | |
| Genre/form data or focus term | Novelas de amor |
| Source of term | embne |
| 655 #7 - INDEX TERM--GENRE/FORM | |
| Genre/form data or focus term | Novelas históricas |
| Source of term | embne |
| 942 ## - ADDED ENTRY ELEMENTS (KOHA) | |
| Source of classification or shelving scheme | Universal Decimal Classification |
| Koha item type | Obra General |
| Suppress in OPAC | No |
| Withdrawn status | Lost status | Source of classification or shelving scheme | Damaged status | Not for loan | Collection | Home library | Current library | Date acquired | Source of acquisition | Total checkouts | Full call number | Barcode | Date last seen | Price effective from | Koha item type |
|---|---|---|---|---|---|---|---|---|---|---|---|---|---|---|---|
| Universal Decimal Classification | Colección General | Biblioteca Escuela de Ciencias Sociales | Biblioteca Escuela de Ciencias Sociales | 13/05/2026 | Donación 2026 | 82-311.6(87) R595 | 000971 | 13/05/2026 | 13/05/2026 | Obra General |